000 00748nam a2200229 a 4500
001 BRCA_4607
005 20190320204731.0
008 270910s1963----mx-a######---#000-0#spa-#
041 _aspa
044 _amx
050 4 _aNA5811
_b.A43 1963
245 1 0 _aEl Alcazar de Sevilla
_bguía turística
_ccomentarios y notas de J. Romero y Murube.
260 _aMadrid
_bPatrimonio Nacional
_c1963
300 _a97 p.
_bil. (algunas a color)
_c17 cm.
440 0 _aGuías turísticas. Patrimonio nacional
_v2
_911660
500 _aCFG83
610 2 4 _aEl Alcazar de Sevilla
_vGuías
_zSevilla, España
_911661
650 1 4 _aArquitectura religiosa
_zSevilla, España
_911662
700 1 _aRomero y Murube, Joaquín
_911663
902 _aGFM
942 _2lcc
_cB
999 _c4312
_d4312